| 000 | 00384nam a2200109Ia 4500 | ||
|---|---|---|---|
| 005 | 20251222154305.0 | ||
| 008 | 251222s9999||||xx |||||||||||||| ||spa|| | ||
| 100 | _a"Blood, D. C.Henderson, J. A.Dadostits, O. M." | ||
| 245 | 0 | _a"Medicina veterinaria: Libro de texto sobre las enfermedades del ganado vacuno, ovino, porcino y caballar, por los doctores" | |
| 250 | _a5a.ed. | ||
| 942 | _cLIB | ||
| 999 |
_c33188 _d33188 |
||